• 首页
  • 本馆介绍
  • 公告通知
  • 最新文献
  • 馆藏检索
  • 电子资源
  • 读者荐购
  • 参考咨询
  • CALIS
  • 我的图书馆
  • 登录
  • 详细信息显示
  • 放入我的书架
  • 预约/预借图书
  • 作者相关作品
  • 分类相关作品
  • 丛书相关作品
  • 出版社相关作品

书目信息

  • 表格格式
  • 工作单格式
  • 卡片格式
书名: The color of law
作者: Mark Gimenez
分册号:
分册名:
出版地: New York
 
出版社: Doubleday
出版时间: 2005
页数: 401P
开本: 24CM
丛书名:
中图分类号:
科图分类号:
其他分类号: I712.4
主题词:
电子资源:
 
 
 
 
 
000 00370nam0 2200133 450
001 202012003447
005 20121205103230.0
008 12120501s
020    @a9780385516730@bHARD@c$19.95
099    @dI712.4@eM3451
245    @aThe color of law@cMark Gimenez
260 0  @aNew York@b Doubleday@c2005
300    @a401P@c24CM
905    @aTSG@b14981-2@dI712.4@eM3451
    
    The color of law / Mark Gimenez.-New York : Doubleday , 2005
    401P ; 24CM
    
    
    ISBN 9780385516730HARD$19.95
    
●
相关链接 在E读中查询图书 在当当中查询图书 在豆瓣中查询图书


正题名:The color of law     索取号:I712.4/M3451         预约/预借

序号 登录号 条形码 馆藏地/架位号 状态 备注
1 14981   300149818   文学库116/400A自科库 19排2列4层/ [索取号:I712.4/M3451] 在馆    
2 14982   300149827   文学库116/400A自科库 19排2列4层/ [索取号:I712.4/M3451] 在馆    
河南城建学院图书馆 欢迎您!
大连网信软件有限公司© 版权所有